Formel-1 Teams mit den meisten Grand Prix Siegen - Statistiken

Allgemein
  • Dieses Quiz wurde 1.699 mal gespielt
  • Das Durchschnittsergebnis liegt bei 14 aus 39
Antwortstatistiken
Wins Team % Korrekt
238 Ferrari
99%
119 Mercedes
99%
182 Mclaren
97%
70 Red Bull
96%
114 Williams
90%
35 Renault
85%
2 Lotus F1
64%
79 Team Lotus
64%
1 AlphaTauri
63%
11 Alfa Romeo
58%
1 BMW Sauber
56%
27 Benetton
51%
1 Toro Rosso
51%
1 Racing Point
46%
35 Brabham
44%
8 Brawn
44%
3 Honda
37%
4 Jordan
37%
1 Porsche
33%
23 Tyrrell
24%
9 Maserati
21%
17 BRM
18%
1 Stewart
17%
14 Cooper-Climax
16%
2 Cooper-Maserati
16%
9 Ligier
13%
10 Vanwall
11%
9 Matra
9%
1 Hesketh
8%
3 March
7%
3 Wolf
7%
1 Penske
5%
1 Eagle
3%
5 Kurtis Kraft
3%
1 Shadow
3%
2 Epperly
1%
1 Kuzma
1%
3 Watson
1%
1 FISA
0%
Keine übereinstimmenden Quizze gefunden
Verteilung der Resultate
Anzahl Personen mit jedem Resultat
Perzentil nach korrekt beantworteten Fragen
Ihre Resultats-Entwicklung
Sie haben dieses Quiz noch nicht gespielt